000 00462nam a2200181Ia 4500
008 210210b1997 xxu||||| |||| 00| 0 eng d
020 _a81 219 1476 0
082 _a530.41 PURS
100 _aPURI (R K)
245 _aSolid state physics.
250 _a
260 _aN D
_bS. Chand & Co. Ltd.
_c1997
300 _axv,303
650 _aSolid State Physics Structure Electron
690 _aSolid State Physics
700 _aBABBAR (V K).
906 _a052364
999 _c100816
_d100816